000 00469nam a2200145 i 4500
001 60940
003 ES-MaACL
005 20230906164333.0
007 t|
008 031107s1973 sp ||||1| spa d
245 0 0 _aEstudios superiores
_b: exposición comparativa de los sistemas de enseñanza y de los títulos y diplomas.
260 _a[Madrid] :
_bOficina de Educación Iberoamericana,
_c[1973]
300 _a602 p. ;
_c24 cm.
852 _aES-MaACL
_jC-56258
_bR.88844
999 _c60940
_d60940